000 00351cam a2200121 4500
020 _a0471061263
050 0 0 _aQC477
_b.B36
100 1 _aBecker, Ralph S.
_d1925-
245 1 0 _aTheory and interpretation of fluorescence and phosphorescence
_c[by] Ralph S. Becker.
260 _aNew York,
_bWiley Interscience
_c[1969]
300 _axiv, 283 p.
942 _cGEN
999 _c2291
_d2291